000 00265nam a22001097a 4500
008 170105b xxu||||| |||| 00| 0 eng d
020 _a0395356571
041 _aeng
080 _24TH
_a618.2
245 _aBASIC NURSING SKILLS
_cELLIS & NOWLIS & BENTZ
942 _2udc
_cBK
999 _c2541
_d2541